000 03356cam a22006974i 4500
003 PE-LiUPU
005 20250731180151.0
008 150706s1999 ck a rb 000 0 spa d
020 _a9589574211
035 _a(Sirsi) i9789589574218
040 _aPE-LiUPU
_bspa
_cPE-LiUPU
_erda
049 _aPRUA
082 0 4 _a551.49
_bM77
_221
100 1 _aMonsalve Sáenz, Germán,
_eautor.
245 1 0 _aHidrología en la ingeniería /
_cGermán Monsalve Sáenz.
250 _aSegunda edición.
264 1 _aBogotá :
_bEscuela Colombiana de Ingeniería,
_c1999.
300 _a383 páginas :
_bilustraciones ;
_c25 centímetros
336 _atext
_2rdacontent
337 _aunmediated
_2rdamedia
338 _avolume
_2rdacarrier
504 _aBibliográficas : páginas 383.
505 0 _aHidrología -- Cuencas hidrográficas -- Precipitación -- Análisis de frecuencias hidrológicas -- Infiltración -- Evaporación y evapotranspiración -- Escorrentía superficial -- Estimación de crecientes -- Propagación de crecientes -- Régimen de corrientes de agua -- Regulación de caudales y control de sequías -- Generación sintética de caudales -- Transporte de sedimentos -- Aguas subterráneas -- Hidrometría e instrumentación.
526 _aSEG44
526 _aSEG26
526 _aP159
526 _aP155
526 _aP154
526 _aP153
526 _aP150
526 _aP100
526 _aP31
526 _aP30
526 _aP26
526 _aP25
526 _aP24
526 _aP22
526 _aP15
526 _aP10
541 _g015-001535;
541 _g0014-0001980;
541 _g002-00000049;
650 0 4 _aHidrología.
650 0 4 _aAguas subterráneas.
650 0 4 _aHidráulica.
650 0 4 _aHydrology.
650 0 4 _aGroundwater.
650 0 4 _aHydraulics.
910 _cbd
_d20130529
910 _admb
_bksl
_cksl,
_d20180522
910 _btqv
_caic
_d20170214
942 _2ddc
_cBOOK
949 _a551.49 M77
_wDEWEY
_c1
_i67314
_lCCODEBUL1
_mBUL
_p52.00
_r0
_sY
_tBOOK
_u2015-7-6
_xINGENIERIA
_PP25
_o.STAFF. Colección Ingeniería y Arquitectura
949 _a551.49 M77 1999
_wDEWEY
_c1
_iFJ06802
_lCCODEBUJ1
_mBUJ
_p29.26
_r0
_sY
_tBOOK
_u2017-02-14
_xINGENIERÍA
_PP25
_0COMPRA
_o.STAFF. Colección General Juliaca
994 _aC0
_bPEPRU
596 _a1 3
999 _a551.49 M77
_wDEWEY
_c54978
_i67314
_d54978
_e2018-4-17
_f2021-11-9
_g8
_lCCODEBUL1
_mBUL
_n8
_p52.00
_q4
_r0
_sY
_tBOOK
_u2015-7-6
_xINGENIERIA
_PP25
_0COMPRA
_o.STAFF. Colección Ingeniería y Arquitectura
999 _a551.49 M77
_wDEWEY
_c2
_i78501
_d2019-8-23
_e2019-8-19
_f2021-11-9
_g4
_lCCODEBUL1
_mBUL
_n1
_p29.24
_q2
_r0
_sY
_tBOOK
_u2018-5-22
_xINGENIERIA
_PP24
_0COMPRA
_1FCOMPRA
_o.STAFF. Colección Ingeniería y Arquitectura
999 _a551.49 M77
_wDEWEY
_c3
_i78502
_f2021-11-9
_g4
_lCCODEBUL1
_mBUL
_p29.24
_r0
_sY
_tBOOK
_u2018-5-22
_xINGENIERIA
_PP24
_0COMPRA
_1FCOMPRA
_o.STAFF. Colección Ingeniería y Arquitectura
999 _a551.49 M77 1999
_wDEWEY
_c1
_iFJ06802
_d2019-9-30
_e2019-9-19
_f2022-1-25
_g4
_lCCODEBUJ1
_mBUJ
_n10
_p29.26
_q9
_r0
_sY
_tBOOK
_u2017-2-14
_xINGENIERIA
_PP25
_0COMPRA
_o.STAFF. Colección General Juliaca
980 _81
_gALBERTO SANCHEZ Responsable de Automatización